000 00528nam a22001817a 4500
005 20260213160048.0
008 260213b |||||||| |||| 00| 0 eng d
020 _a0-314-06160-6
100 _aCAPALDI, ELIZABETH DEUTSCH
245 _aPSYCHOLOGY
250 _a4TH
260 _aST. PAUL MN
_bWEST PUBLICATION COMPANY
_c1996
300 _aXL,136P.:ILL
500 _aINCLUDES BIBLIOGRAPHICAL REFERENCES AND INDEX
650 _aPSYCHOLOGY
700 _aPARRIS, SCOTT G.
_aPOLIVY, JANET
_aHERMAN, C. PETER
942 _2lcc
_cBK
999 _c216577
_d216577